| 000 | 01144nam a2200265Ia 4500 | ||
|---|---|---|---|
| 003 | OSt | ||
| 005 | 20220930095110.0 | ||
| 006 | a|||||r|||| 00| 0 | ||
| 007 | ta | ||
| 008 | 220926b |||||||| |||| 00| 0 hin d | ||
| 024 | _a71718 | ||
| 037 | _cTheses | ||
| 040 |
_aCRL _cCRL _bhin |
||
| 041 |
_2hin _ahin |
||
| 100 | _aप्रियंका सिंह, ले. | ||
| 110 | _aदिल्ली विश्वविद्यालय. कला संकाय. हिन्दी विभाग | ||
| 245 | 0 | _aराधाकाव्य की परंपरा और आचार्य जानकीवल्लभ शास्त्री की ‘राधा’ | |
| 246 | _aRādhākāvya kī paranparā aur āchārya jānakīvallabh shāstrī kī ‘rādhā’ | ||
| 260 | _c2019 | ||
| 300 |
_a218पृ0 _ap. _ccm. |
||
| 650 | _aहिन्दी साहित्य | ||
| 700 | _aदिल्ली विश्वविद्यालय. कला संकाय. हिन्दी विभाग | ||
| 942 |
_cDIS _2CC |
||
| 999 |
_c888327 _d888327 |
||